Jihočeská klenotnice

Hlavní autor: Šechtl, Josef, 1925-1992
Další autoři: Šechtlová, Marie, 1928-2008
Jazyk: Čeština
Vydáno: České Budějovice : Jihočeské nakladatelství, 1981
Vydání: 1. vyd.
Témata:
Externí odkaz: Digitalizovaný dokument
Fyzický popis: Nestr., 145 bar. il. na příl.
Knihy
Uloženo v:
LEADER 01117nam a22002772a 4500
001 000057723
003 CZ BrMZK
005 20241211082940.0
007 ta
008 950407s1981 xr af f cze d
015 |a cnb000143271 
040 |a BOA001  |b cze 
080 9 |a 904(437.19)(083) 
080 9 |a 77(437.1)"19":92 Šechtl + Šechtlová 
100 1 |a Šechtl, Josef,  |d 1925-1992  |7 jk01122710  |4 pht 
245 1 0 |a Jihočeská klenotnice 
250 |a 1. vyd. 
260 |a České Budějovice :  |b Jihočeské nakladatelství,  |c 1981 
300 |a Nestr., 145 bar. il. na příl. 
700 1 |a Šechtlová, Marie,  |d 1928-2008  |7 jk01122711 
856 4 1 |u http://www.digitalniknihovna.cz/mzk/uuid/uuid:34b44000-7785-11e2-86a5-005056827e52  |y Digitalizovaný dokument  |x NDK 
910 |a BOA001  |b PK-0093.644  |b TK-0210.832  |b 2-0847.101 
964 |a Památky umělecké - Čechy jižní - publikace obrazové 
990 |a BK 
996 6 |b 2619392743  |c 2-0847.101  |l MZK  |r Sklad / do 1 hodiny  |n 0  |w 000057723  |u 000030  |a 1  |e BOA001  |j MZK50  |s P 
996 7 |b 3119974982  |c PK-0093.644  |l MZK  |r Sklad / do 1 hodiny  |n 1  |w 000057723  |u 000010  |a 1  |e BOA001  |j MZK50  |s A